পরিবেশ সংরক্ষণ ও টেকসই উন্নয়ন : (Record no. 3079)

MARC details
000 -LEADER
fixed length control field 00942nam a22002177a 4500
001 - CONTROL NUMBER
control field BD-DhSAU 3079
003 - CONTROL NUMBER IDENTIFIER
control field BD-DhSAU
005 - DATE AND TIME OF LATEST TRANSACTION
control field 20150301123508.0
008 - FIXED-LENGTH DATA ELEMENTS--GENERAL INFORMATION
fixed length control field 150203b1999 bg a||||r|||| 000 0 ben d
040 ## - CATALOGING SOURCE
Original cataloging agency BD-DhSAU
082 ## - DEWEY DECIMAL CLASSIFICATION NUMBER
Edition number 22
Classification number ৫৮১.৫০৯
Item number ইমাপ
100 ## - MAIN ENTRY--PERSONAL NAME
Personal name ইমাম, কাজী হাসান
245 ## - TITLE STATEMENT
Title পরিবেশ সংরক্ষণ ও টেকসই উন্নয়ন :
Remainder of title বাংলাদেশ পরিপ্রেক্ষিত /
Statement of responsibility, etc. কাজী হাসান ইমাম.
260 ## - PUBLICATION, DISTRIBUTION, ETC. (IMPRINT)
Place of publication, distribution, etc. ঢাকা :
Name of publisher, distributor, etc. প্যারাগন পাবলিশার্স,
Date of publication, distribution, etc. ১৯৯৯.
300 ## - PHYSICAL DESCRIPTION
Extent xv, ২৮৬ পৃ. :
Other physical details চিত্র ;
Dimensions ২২ সেমি।
500 ## - GENERAL NOTE
General note New arrival 2014
590 ## - Name of Cataloguer
Name of Cataloger joy
650 ## - SUBJECT ADDED ENTRY--TOPICAL TERM
Topical term or geographic name as entry element Botany.
650 ## - SUBJECT ADDED ENTRY--TOPICAL TERM
Topical term or geographic name as entry element উদ্ভিদবিজ্ঞান।
650 ## - SUBJECT ADDED ENTRY--TOPICAL TERM
Topical term or geographic name as entry element পরিবেশ সংরক্ষণ।
Geographic subdivision বাংলাদেশ।
942 ## - ADDED ENTRY ELEMENTS (KOHA)
Source of classification or shelving scheme Dewey Decimal Classification
Koha item type Book
Holdings
Withdrawn status Lost status Source of classification or shelving scheme Damaged status Not for loan Home library Branch Name Shelving location Date acquired Total Checkouts Full call number Barcode Date last seen Price effective from Koha item type
    Dewey Decimal Classification     SAU Library SAU Library General Stacks 29/06/2000   ৫৮১.৫০৯ ইমাপ 28407 03/02/2015 03/02/2015 Book
    Dewey Decimal Classification     SAU Library SAU Library General Stacks 29/06/2000   ৫৮১.৫০৯ ইমাপ 28408 03/02/2015 03/02/2015 Book
    Dewey Decimal Classification     SAU Library SAU Library General Stacks 29/06/2000   ৫৮১.৫০৯ ইমাপ 28406 03/02/2015 03/02/2015 Book
    Dewey Decimal Classification     SAU Library SAU Library General Stacks 26/06/2014   ৫৮১.৫০৯ ইমাপ 38547 15/02/2015 15/02/2015 Book
    Dewey Decimal Classification     SAU Library SAU Library General Stacks 02/04/2023   ৫৮১.৫০৯ ইমাপ 28405 02/04/2023 02/04/2023 Book